000
00202 a2200097 4500
001
15117
100
_a
245
_a
An economic geography
260
_a
London
_b
Elactnic sons
_c
090
_c
11867
_d
11867
942
_a
NUST-CAE
_c
M
_c
2077
999
_c
250190
_d
250190